000 01017nas a2200337 4500
001 BR0700363
003 BR-BrBNA
005 20231205110516.0
007 ta
008 230509b bl.|||p| |||| 00| 00por d
040 _aBR-BrBNA
_bpor
_cBiblioteca Nacional de Agricultura
041 _a(Pt)
072 _aP33; P34
100 1 _aCarvalho, J.F.O.
100 1 _aSilva, F.A.X. da
100 1 _aOliveira, T.S. de
100 1 _aMendonça, E. de S.
100 1 _aSoares, I.
245 1 _aPropriedade químicas e biológicas de um argissolo acinzentado incorporado com diferentes resíduos vegetais
650 _aSOLO
650 _aFÍSICA DO SOLO
650 _aBIOLOGIA DO SOLO
650 _aMATÉRIA ORGÂNICA
650 _aQUÍMICA DO SOLO
650 _aSERAPILHEIRA
650 _aRECICLAGEM
650 _aNUTRIENTE
773 0 _tRevista Ciência Agronômica (Brazil)
_xISSN 0045-6888
_g(2004), v. 35(2) p. 291-301
_wBR0700363
909 _a202311
_bLúcia
_c55
_dLúcia Elande
942 _2AGRIS
_n0
_cANA
999 _c187672
_d187672